| 000 | 00000nam 2200000za 4500 |
| 001 | 9.837833 |
| 003 | CaOODSP |
| 005 | 20230801131753 |
| 007 | cr ||||||||||| |
| 008 | 170606s2015 onc ob f000 0 fre d |
| 040 | |aCaOODSP|bfre |
| 043 | |an-cn--- |
| 086 | 1 |aPS83-3/369F-PDF |
| 100 | 1 |aWilton, Geoff, |d1981- |
| 245 | 14|aLes effets cumulatifs chez les délinquantes de la participation à de multiples interventions correctionnelles |h[ressource électronique] / |cGeoff Wilton et Lynn Stewart. |
| 260 | |aOttawa : |bService correctionnel du Canada, |c2015. |
| 300 | |avii, 32 p. : |btableaux. |
| 490 | 1 |aRapport de recherche ; |vR-369 |
| 500 | |aPublié aussi en anglais sous le titre : The additive effects of women offenders' participation in multiple correctional interventions. |
| 500 | |a« Février 2015. » |
| 504 | |aComprend des réferences bibliographiques. |
| 520 | |aL'étude vise à déterminer la contribution relative des principaux services et des principales interventions au taux de révocation de la mise en liberté sous condition des délinquantes sous responsabilité fédérale. |
| 692 | 07|2gccst|aDétenu |
| 692 | 07|2gccst|aFemme |
| 700 | 1 |aStewart, Lynn Ann. |
| 710 | 2 |aService correctionnel Canada. |bDirection de la recherche. |
| 775 | 08|tThe additive effects of women offenders' participation in multiple correctional interventions |w(CaOODSP)9.837830 |
| 830 | #0|aRapport de recherche (Service correctionnel Canada. Direction de la recherche)|vR-369|w(CaOODSP)9.502465 |
| 856 | 40|qPDF|s195 Ko|uhttps://publications.gc.ca/collections/collection_2017/scc-csc/PS83-3-369-fra.pdf |